00660 2200229 4500001002100000005001700021008004100038035002400079082001000103090001700113100002300130245009600153250001800249260003000267300002900297500003000326650002300356850001500379980001500394985000600409999001500415YOGYA-0209000002275320090227023714.0 ind  0010-020900000022753 a664.8 a664.8bMul N aMULYOHARJO, Mukhyi aNanas dan teknologi pengolahannya = (ananas comotus merr)cdisusun oleh, Muchyi Mulyohardjo aEd. 1, cet. 1 aYogyakartabLibertyc1984 avi, 100 hlmbilusc21 cm aBibliografi : hlm. 99-100 aNanas - Pengolahan aYOPDYOG(B) a01-27-2007 a1 a06A0015365